Anales de la Diputación Provincial de Canarias (Record no. 120576)

MARC details
000 -LEADER
campo de control de longitud fija 00581nam a2200145 4500
001 - NÚMERO DE CONTROL
campo de control 120576
003 - IDENTIFICADOR DE NÚMERO DE CONTROL
campo de control ES-MaACL
007 - CAMPO FIJO DE DESCRIPCIÓN FÍSICA--INFORMACIÓN GENERAL
campo de control de longitud fija t|
008 - DATOS DE LONGITUD FIJA--INFORMACIÓN GENERAL
campo de control de longitud fija 070214s1911 sp r ||||1| spa d
100 1# - ENTRADA PRINCIPAL--NOMBRE DE PERSONA
Nombre de persona Pizarroso y Belmonte, Carlos.
9 (RLIN) 92455
245 10 - MENCIÓN DEL TÍTULO
Título Anales de la Diputación Provincial de Canarias
Resto del título : puestos en orden e ilustrados con la Historia Política Contemporánea /
Mención de responsabilidad, etc. por D. Carlos Pizarroso y Belmonte.
Número de parte o sección de la obra , . Primera Parte,
Nombre de parte o sección de la obra De 1813 a 1841.
260 ## - PUBLICACIÓN, DISTRIBUCIÓN, ETC.
Lugar de publicación, distribución, etc. Santa Cruz de Tenerife :
Nombre del editor, distribuidor, etc. [s. n.],
Fecha de publicación, distribución, etc. 1911 (
Fabricante Tip. Católica)
300 ## - DESCRIPCIÓN FÍSICA
Extensión 288 p. ;
Dimensiones 24 cm.
852 ## - LOCALIZACIÓN
Ubicación ES-MaACL
Número de control de estantería C-7211
Holdings
Estatus retirado Estado de pérdida Estado de daño No para préstamo Biblioteca de origen Biblioteca actual Ubicación en estantería Fecha de adquisición Fuente de adquisición Total de préstamos Signatura topográfica completa Código de barras Visto por última vez Precio de reemplazo Tipo de ítem Koha
        Biblioteca del Ateneo de Madrid Biblioteca del Ateneo de Madrid Sala Palomar 17/01/2008     C-7211 1125681 23/02/2023 23/02/2023 Libro impreso